Capital Structure: Differences in US Multinational and Domestic Corporations diplomová práca

Guardado en:
Detalles Bibliográficos
Autor principal: Kedrowski, Jay Daniel
Autores Corporativos: Národohospodárska fakulta EU. Katedra financií, Nottingham Trent University. Nottingham Business School
Otros Autores: Kubicová, Jana, 1961-
Formato: Libro
Lenguaje:inglés
Publicado: Bratislava 2020
Etiquetas: Agregar Etiqueta
Sin Etiquetas, Sea el primero en etiquetar este registro!

MARC

LEADER 00000nbm a2200000 4500
001 0265613
005 20240919131841.3
041 0 |a eng 
044 |a SK 
245 1 0 |a Capital Structure: Differences in US Multinational and Domestic Corporations  |b diplomová práca  |c Jay Daniel Kedrowski ; školiteľ: Jana Kubicová 
264 1 |a Bratislava  |c 2020 
300 |a 42 s. 
100 1 |a Kedrowski, Jay Daniel 
700 1 |a Kubicová, Jana, 1961- 
710 2 |a Národohospodárska fakulta EU. Katedra financií 
710 2 |a Nottingham Trent University. Nottingham Business School